Idees
Αποθηκεύτηκε σε:
| Κύριος συγγραφέας: | |
|---|---|
| Άλλοι συγγραφείς: | |
| Μορφή: | Βιβλίο |
| Γλώσσα: | French |
| Δημοσίευση: |
Paris :
Flammarion,
1992
|
| Σειρά: | Champs ;
; FH267 |
| Θέματα: | |
| Ετικέτες: |
Προσθήκη ετικέτας
Δεν υπάρχουν, Καταχωρήστε ετικέτα πρώτοι!
|
MARC
| LEADER | 00000nam a2200000 i 4500 | ||
|---|---|---|---|
| 001 | 1/2620 | ||
| 008 | 960806s1992 fre d | ||
| 020 | |a 2-08-081267-X | ||
| 035 | |l 10014925 | ||
| 040 | |a GR-MY-UA |b gre |e aacr | ||
| 041 | 0 | |a fre | |
| 082 | 0 | |a 944.04 | |
| 100 | 1 | |a Furet, Francois |d 1927- | |
| 245 | 1 | 0 | |a Idees / |c Francois Furet; Mona Ozouf |
| 260 | |a Paris : |b Flammarion, |c 1992 | ||
| 300 | |a 544 p. | ||
| 490 | 1 | |a Champs |v ; FH267 | |
| 651 | 0 | |a France |x History |y Revolution, 1789-1799. | |
| 651 | 0 | |a France |x History |y Revolution, 1789-1799 |x Historiography. | |
| 700 | 1 | |a Ozouf, Mona. | |
| 774 | 1 | |t Dictionnaire critique de la Revolution Francaise | |
| 830 | 0 | |a Champs ; |v ; FH267 | |
| 852 | |a INST |b LESVOS |e 19960806 |h 944.04 FUR |p 005100007237 |q 005100007237 |t BK |y 0 |z v.4 | ||
| 852 | |a INST |b LESVOS |e 19960806 |h 944.04 FUR |p 005100007237 |q 005100007237 |t BK |v v.4: |y 0 |z v.4 | ||
| 853 | |a INST |b LESVOS |h 944.04 FUR | ||
| 909 | |a Λ |b 034912 | ||